000 00559nam a2200241 a 4500
001 nice12345678
003 IN_TiNIC
005 20260116011517.0
008 050524s1957 mada grp 000 0 eng
020 _a
_c100
082 0 0 _a234
_bNEW
100 _aNewbigin, L
245 _aSin and Salvation
260 _aMadras
_bChristian Literature Society
_c1957
300 _a128p
500 _aincludes index and biblioraphy
505 2 _aIndex
650 _aSalvation
700 1 _aNewbigin, L
902 _bSRS
942 _cBK
999 _c2179
_d2179